Vedas for the young / (Record no. 132441)

MARC details
000 -LEADER
fixed length control field 00658nam a22002297a 4500
005 - DATE AND TIME OF LATEST TRANSACTION
control field 20170124110154.0
010 ## - LIBRARY OF CONGRESS CONTROL NUMBER
LC control number A-760255
020 ## - INTERNATIONAL STANDARD BOOK NUMBER
Terms of availability 00.00
International Standard Book Number 818540237X
035 ## - SYSTEM CONTROL NUMBER
System control number A-760255
037 ## - SOURCE OF ACQUISITION
Source of stock number/acquisition Cen Lib/Ret
040 ## - CATALOGING SOURCE
Original cataloging agency DPL
Language of cataloging EN
082 ## - DEWEY DECIMAL CLASSIFICATION NUMBER
Classification number 181.45
Item number GUP
100 ## - MAIN ENTRY--PERSONAL NAME
Personal name Gupta, T.R.
9 (RLIN) 34715
245 ## - TITLE STATEMENT
Title Vedas for the young /
Statement of responsibility, etc by T.R. Gupta [and] J.C. Aggarwal
260 ## - PUBLICATION, DISTRIBUTION, ETC. (IMPRINT)
Place of publication, distribution, etc Delhi
Date of publication, distribution, etc 1994
Name of publisher, distributor, etc Shipra Publications
270 ## - ADDRESS
City Delhi
Address 115, Vikas Marg shakarpur
Postal code 110092
300 ## - PHYSICAL DESCRIPTION
Extent 93p.
Dimensions 20cm(Hb)
650 ## - SUBJECT ADDED ENTRY--TOPICAL TERM
Topical term or geographic name as entry element Philosophy
9 (RLIN) 101734
650 ## - SUBJECT ADDED ENTRY--TOPICAL TERM
Topical term or geographic name as entry element Vedas
9 (RLIN) 101735
700 ## - ADDED ENTRY--PERSONAL NAME
Personal name Aggarwal, J.C.
9 (RLIN) 2161
942 ## - ADDED ENTRY ELEMENTS (KOHA)
Source of classification or shelving scheme Dewey Decimal Classification
Koha item type English Books
Classification part 181.45
Call number suffix GUP
Holdings
Withdrawn status Lost status Damaged status Not for loan Home library Current library Date acquired Source of acquisition Cost, normal purchase price Total Checkouts Full call number Barcode Date last seen Copy number Cost, replacement price Price effective from Koha item type Public note
Written off       Central Library Central Library 22/07/2015 Cen Lib/Ret 0.00   181.45 GUP A-760255 22/07/2015 1 0.00 22/07/2015 English Books W/d list no. 6807/17

© Delhi Public Library
Hit Counter
free hit counter